00605nam a22002057a 4500003000400000005001700004008004100021020001800062040002900080050002500109100004500134245001900179250001200198260004800210300004300258650002000301650002000321650003700341650002100378OSt20260225121743.0260210b |||||||| |||| 00| 0 eng d a9780133061635 cChuka University Library aHB 172.5b .B53 2013 aBlanchard, Olivier., & Johnson, David R. aMacroeconomics a6th ed. aUpper Saddle RiverbPearson Educationc2013 aVarious pagingsbColored illustrations a Macroeconomics aEconomic growth aInternational trade and finance. a National income